Statystyki dla Najpopularniejsze polskie utwory na spotify

Kliknij tutaj aby rozwiązać quiz!

Ogólne statystyki

  • Ten quiz został rozwiązany 363 razy
  • Średni wynik to 3 z 15

Statystyki odpowiedzi

WyświetleniaPiosenka% Poprawnych
62,7 mlnMata - Kiss cam
62%
58,5 mlnWhite 2115 - California
55%
48,1 mlnKizo - Disney
33%
43,7 mlnMata - Szafir
33%
44,2 mlnMata - Schodki
32%
53,3 mlnTymek - Język ciała
29%
44,8 mlnDawid Podsiadło - Małomiasteczkowy
18%
50,7 mlnQuebonafide - Bubble tea
17%
43,7 mlnSmolasty - Duże oczy
16%
54 mlnSobel - Impreza
16%
45,8 mlnTymek - Rainman
12%
44,7 mlnRonnie Ferrari - Ona by tak chciała
11%
44 mlnGuzior - FALA
7%
45,3 mlnGuzior - BLUEBERRY
6%
44,2 mlnCypis - Gdzie jest biały węgorz?
3%

Rozkład punktacji

Percentyl według liczby udzielonych odpowiedzi

Procent ludzi z każdym wynikiem

Twoja historia wyników

Nie rozwiązałeś tego quizu